| 000 | 02777nam0a2200421 4500 | ||
|---|---|---|---|
| 001 | RU\NLR\BIBL_A\012489805 | ||
| 005 | 20220121170427.0 | ||
| 010 |
_a978-5-98498-317-4 _9300 |
||
| 021 |
_aRU _bКН-П-20-073282 _9КН-П-20-5510 |
||
| 035 | _a(NLR Aleph) 012489805 | ||
| 035 | _a(RuMoRGB)010486080 | ||
| 090 |
_a12173203 _c12173203 |
||
| 100 | _a20210330d2020 k y0rusy50 ca | ||
| 101 | 0 | _arus | |
| 102 | _aRU | ||
| 105 | _aa|||zzzz1||zy | ||
| 181 | 0 |
_ai1 _baxxe |
|
| 182 | 0 | _an | |
| 200 | 1 |
_aГраницы возможного в рекламном и PR-креативе _eВторая Всероссийская (национальная) научно-практическая конференция (Орел, 23 октября 2019 г.) _eсборник научных трудов _fМинистерство науки и высшего образования Российской Федерации, ФГБОУ ВО "Орловский государственный университет экономики и торговли", [Кафедра истории, философии, рекламы и связей с общественностью], Управление Федеральной антимонопольной службы по Орловской области _gпод общей редакцией кандидата экономических наук, доцента Симоновой Е. В. |
|
| 203 |
_aТекст _bвизуальный _cнепосредственный |
||
| 210 |
_aОрел _cОрелГУЭТ _d2020 |
||
| 215 |
_a95 с. _cил., табл. _d21 |
||
| 320 | _aБиблиогр. в конце ст. | ||
| 606 | 1 |
_aПаблик рилейшнз _jСъезды, совещания и т.п _2nlr_sh2 _3RU\NLR\AUTH\66685660 |
|
| 606 | 1 |
_aРеклама _jСъезды, совещания и т.п _2nlr_sh2 _3RU\NLR\AUTH\6660116 |
|
| 686 | 1 | _aЧ600.0я431 | |
| 686 | 1 | _aС550.425я431 | |
| 686 | 1 | _aС550.324я431 | |
| 686 | 1 | _aУ5-803.81я431 | |
| 702 | 1 |
_aСимонова _bЕ. В. _cд-р экон. наук, правоведение _gЕвгения Владимировна _3RU\NLR\AUTH\770152083 _4070 |
|
| 711 | 1 | 2 |
_a"Границы возможного в рекламном и PR-креативе", всероссийская (национальная) научно-практическая конференция _f2019 _eОрел _3RU\NLR\AUTH\880539708 |
| 712 | 0 | 2 |
_aОрловский государственный университет экономики и торговли _3RU\NLR\AUTH\880436594 _4475 |
| 942 | _cBOOK | ||
| 980 | _aNBR | ||
| 980 | _aNB | ||